| 000 | 00983nam0a22002531 4500 | ||
|---|---|---|---|
| 001 | rc\2811650 | ||
| 005 | 20250806210651.0 | ||
| 035 | _a(NLR Aleph) 006937488 | ||
| 090 |
_a14968 _c14968 |
||
| 100 | _a20110915d1944 u y0rusy50 ca | ||
| 101 | 0 | _arus | |
| 102 | _aRU | ||
| 105 | _ay b ||||| | ||
| 200 | 1 |
_aКаталог выставки произведений _fМ. А. Добров _gМосковск. союз сов. худож. Выставочный зал Худфонда Союза ССР 23/II - 10/II 1944 |
|
| 210 |
_aМосква _cПолиграфинститут _d[1944] |
||
| 215 |
_a[8] с. _d13 см. |
||
| 710 | 1 | 2 |
_aДобров, Матвей Алексеевич (1877-1958). Выставка произведений _f1944 _eМосква |
| 801 | 0 |
_aRU _bNLR _gpsbo |
|
| 801 | 1 |
_aRU _bELAR _2rusmarc |
|
| 852 |
_aNLR _jИс30 Г-2/57 |
||
| 942 | _cBOOK | ||
| 945 | _aРоссийская национальная библиотека | ||
| 980 | _aNB | ||
| 980 | _aBV | ||